| 000 | 00599nam a2200181Ia 4500 | ||
|---|---|---|---|
| 008 | 151018s9999 xx 000 0 und d | ||
| 082 |
_bRBASDV10945 _a891.463 |
||
| 100 | _aनि वा देशमुख | ||
| 245 | _aशूरा मी वंदिले | ||
| 250 | _b1 | ||
| 260 |
_bप्रतीभा प्रकाशन पुणे _c1969 |
||
| 300 | _a406 | ||
| 600 | _aनि वा देशमुख | ||
| 630 | _aशूरा मी वंदिले | ||
| 700 | _aनि वा देशमुख | ||
| 730 | _aशूरा मी वंदिले | ||
| 942 | _cBOOK | ||
| 999 |
_c1013298 _d1013295 |
||